000
00341 a2200169 4500
001
195393
020
_a
978-85-7153-366-0
040
_c
Magnum
100
_a
Lanznaster, Roberto
240
1
0
_a
Imaginarium
_l
245
1
0
_a
Imaginarium
300
_a
64
362
0
_a
2018
440
1
_a
RHJ
697
_a
LITERATURA JUVENIL
942
_c
BK
999
_c
195393
_d
195393